The tragedy of american diplomacy / (Record no. 15696)
[ view plain ]
| 000 -LEADER | |
|---|---|
| fixed length control field | 01220nam a2200217 a 4500 |
| 001 - CONTROL NUMBER | |
| control field | ASIN0393304930 |
| 005 - DATE AND TIME OF LATEST TRANSACTION | |
| control field | 20170105102923.0 |
| 008 - FIXED-LENGTH DATA ELEMENTS--GENERAL INFORMATION | |
| fixed length control field | 131209s1988 xxu eng d |
| 020 ## - INTERNATIONAL STANDARD BOOK NUMBER | |
| International Standard Book Number | 0393304930 (paperback) |
| Terms of availability | $16.95 |
| 020 ## - INTERNATIONAL STANDARD BOOK NUMBER | |
| International Standard Book Number | 9780393304930 (paperback) |
| 040 ## - CATALOGING SOURCE | |
| Original cataloging agency | 0 |
| 100 1# - MAIN ENTRY--PERSONAL NAME | |
| Personal name | Williams, William Appleman. |
| 245 14 - TITLE STATEMENT | |
| Title | The tragedy of american diplomacy / |
| Statement of responsibility, etc. | William Appleman Williams. |
| 260 ## - PUBLICATION, DISTRIBUTION, ETC. | |
| Place of publication, distribution, etc. | [S.l.] : |
| Name of publisher, distributor, etc. | W. W. Norton & Company, |
| Date of publication, distribution, etc. | 1988. |
| 300 ## - PHYSICAL DESCRIPTION | |
| Extent | 352 p. ; |
| Dimensions | 19 cm. |
| 490 1# - SERIES STATEMENT | |
| Series statement | New edition. |
| 520 ## - SUMMARY, ETC. | |
| Summary, etc. | One of the first modern historians to integrate economic realities into the study of American foreign policy, William Appleman Williams has been a diplomatic historian of major influence since the first publication of The Tragedy of American Diplomacy . In this pioneering book, "the man who has really put the counter-tradition together in its modern form" ( Saturday Review ) examines the profound contradictions between America's ideals and its uses of its vast power, from the Open Door Notes of 1898 to the Bay of Pigs and the Vietnam War. |
| 830 #0 - SERIES ADDED ENTRY--UNIFORM TITLE | |
| Uniform title | New edition. |
| 856 40 - ELECTRONIC LOCATION AND ACCESS | |
| Materials specified | Amazon.com |
| Uniform Resource Identifier | <a href="http://www.amazon.com/exec/obidos/ASIN/0393304930/chopaconline-20">http://www.amazon.com/exec/obidos/ASIN/0393304930/chopaconline-20</a> |
| 942 ## - ADDED ENTRY ELEMENTS (KOHA) | |
| Source of classification or shelving scheme | |
| Koha item type | Book |
| Withdrawn status | Lost status | Damaged status | Not for loan | Collection code | Permanent Location | Current Location | Shelving location | Date acquired | Total Checkouts | Full call number | Barcode | Date last seen | Price effective from | Koha item type |
|---|---|---|---|---|---|---|---|---|---|---|---|---|---|---|
| Centre for International Peace & Stability (CIPS) | Centre for International Peace & Stability (CIPS) | General Stacks | 10/02/2013 | 327.73 WIL 1988 | CIPS0002162 | 12/09/2013 | 12/09/2013 | Book |
